zpět

Detail výsledku týmu

The Pub Praha 2 PO, Praha

Datum a čas kvízu

35 Celkem bodů Celkový počet nahraných bodů na tomto kvízu bez doplňovacích otázek.
7. Pořadí na kvízu Konečné umístění týmu na tomto kvízu.

Zaznamenané odpovědi

# Otázka Odpověď Body Výsledky
1. Která sedmipodlažní budova obc... Kotva 1
2. Na poslední chvíli se přihlási... Igor Matovič 1
3. Cenu Czech Press Photo za rok... D) v budově soudu 1
4. V pondělí byl slavnostně otevř... v Otrokovicích 0
5. Ve čtvrtek byl potvrzen přestu... Lewis Hamilton, Ferrari 0.5
6. Ve třetím díle cestovatelského... z Janských Lázní 1
7. Přejdeme k písmenu K. Který z... B 1
8. Kdepak Paříž. Ve kterém městě... v Las Vegas 1
9. S písmenem M se vracíme do Čes... v Mníšku pod Brdy 1
10. Ve kterém století byl vybudová... v 19. století 1